000 00486nam a2200181Ia 4500
003 LK-CoDNM
005 20240229152425.0
008 010623t1902 xxu||||| |||| 00| 1 sin d
040 _aLK-CoDNM
_dLK-CoDNM
_eLK-CoDNM
041 _asin
080 _a104 X10
245 _aළමයින්ට පහන
246 _aThe children's lamp
260 _bThe ceylon religious tract society
_aColombo
_c1902,Nove
300 _bDamaged
_a10p.,14 cm
500 _aFirst series
942 _cBK
999 _c85554
_d85554